000
00299nam a2200109Ia 4500
008
230907s9999||||xx |||||||||||||| ||und||
082
_a
519.2
_b
PAP
245
0
_a
Probability, random variables, and stochastic processes /
260
_a
McGraw-Hill,
_b
Chennai :
_c
2019
300
_a
852 p.
942
_c
BK
999
_c
601522
_d
601522